Cyclisme : Retrouvez leur nationalité Edition 2025 - Statistiques

Statistiques générales
  • Ce quiz a été pris 223 fois
  • Le résultat moyen est 17 sur 20
Statistiques - réponses
Hint Réponse % Correct
Romain Bardet France
98%
Tadej Pogacar Slovénie
96%
Cristian Scaroni Italie
94%
Matthieu Van Der Poel Pays-Bas
94%
Tim Merlier Belgique
93%
Egan Bernal Colombie
92%
Mads Pedersen Danemark
89%
Jhonatan Narvaez Equateur
89%
Ben Healy Irlande
89%
Isaac Del Toro Mexique
89%
Tobias Johannessen Norvège
88%
Felix Gall Autriche
86%
Rafal Majka Pologne
84%
Finn Fisher-Black Nouvelle-Zélande
82%
Eduardo Sepulveda Argentine
81%
Michael Woods Canada
80%
Oscar Onley Royaume-Uni
79%
Tom Skujins Lettonie
78%
Mauro Schmid Suisse
74%
Jakob Soderqvist Suède
69%
Aucun quiz correspondant
Distribution des résultats
% des personnes avec chaque résultat
Percentile par nombre de réponses
Votre historique - résultats
Vous n’avez pas pris ce quiz